Religion and art of the Chamba Valley (A.D. 700-1300) / (Record no. 1672561)

MARC details
000 -LEADER
fixed length control field 00794nam a22002417a 4500
003 - CONTROL NUMBER IDENTIFIER
control field OSt
005 - DATE AND TIME OF LATEST TRANSACTION
control field 20260127111234.0
008 - FIXED-LENGTH DATA ELEMENTS--GENERAL INFORMATION
fixed length control field 260127b |||||||| |||| 00| 0 eng d
020 ## - INTERNATIONAL STANDARD BOOK NUMBER
International Standard Book Number 8173200386
040 ## - CATALOGING SOURCE
Transcribing agency HDL
Language of cataloging Eng
100 1# - MAIN ENTRY--PERSONAL NAME
Personal name Bawa, Seema.
9 (RLIN) 1107710
245 10 - TITLE STATEMENT
Title Religion and art of the Chamba Valley (A.D. 700-1300) /
Statement of responsibility, etc. Seema Bawa.
260 ## - PUBLICATION, DISTRIBUTION, ETC.
Place of publication, distribution, etc. Delhi :
Name of publisher, distributor, etc. Agam Kala Prakashan,
Date of publication, distribution, etc. 1998.
300 ## - PHYSICAL DESCRIPTION
Extent xii, 183 p. :
Other physical details ill. (some col.), map ;
Dimensions 25 cm.
336 ## - CONTENT TYPE
Content type term text
Content type code txt
Source rdacontent
337 ## - MEDIA TYPE
Media type term unmediated
Media type code n
Source rdamedia
338 ## - CARRIER TYPE
Carrier type term volume
Carrier type code nc
Source rdacarrier
504 ## - BIBLIOGRAPHY, ETC. NOTE
Bibliography, etc. note Includes bibliographical references (p. [162]-175) and index.
650 #0 - SUBJECT ADDED ENTRY--TOPICAL TERM
Topical term or geographic name entry element Arts
Geographic subdivision India
-- Chamba.
9 (RLIN) 1107711
651 #0 - SUBJECT ADDED ENTRY--GEOGRAPHIC NAME
Geographic name Chamba (India)
General subdivision Religion.
9 (RLIN) 1107712
942 ## - ADDED ENTRY ELEMENTS (KOHA)
Source of classification or shelving scheme Colon Classification (CC)
Koha item type Textual
Suppress in OPAC Yes
Holdings
Withdrawn status Lost status Source of classification or shelving scheme Damaged status Not for loan Home library Current library Date acquired Total Checkouts Date last seen Price effective from Koha item type
    Colon Classification (CC)     Department of History Library Department of History Library 2026-01-27   2026-01-27 2026-01-27 Textual
Copyright @ Delhi University Library System